| 000 | 01029nam a2200241 a 4500 | ||
|---|---|---|---|
| 001 | 48723 | ||
| 003 | BD-RjUL | ||
| 005 | 20211209054556.0 | ||
| 008 | 160602s1969 bg ||||| |||| 00| 0 ben d | ||
| 020 | _c: Tk.15.00 | ||
| 035 | _a(BD-RjUL)48842 | ||
| 040 |
_aBD-RjUL _bben _cBD-RjUL |
||
| 041 | _aben | ||
| 082 |
_223 _a398.2 _bSAB 1964 |
||
| 100 |
_aসাক্লায়েন, গোলাম _9116893 |
||
| 245 | 1 | 0 |
_aবাংলায় মর্সীয়া সাহিত্য : _bউদ্ভব ও ক্রমবিকাশ (মদ্যযুগ হইতে আধুনিক যুগ পর্যন্ত) / _cগোলাম সাক্লায়েন |
| 250 | _a২ য় সং. | ||
| 260 |
_aরাজশাহী : _bপাকিস্তান বুক করপোরেশন, _c১৯৬৯ |
||
| 300 |
_a৫৯১ পৃ. : _bচিত্র ; _c২১ সেমি. |
||
| 650 |
_aলোকসাহিত্য _9127858 |
||
| 650 |
_aFolk literature _9127859 |
||
| 942 |
_2ddc _cBK |
||
| 999 |
_c48723 _d48723 |
||